Grand Theft Auto V: All Major Characters - Statistics

General Stats
  • This quiz has been taken 37 times
  • The average score is 8 of 14
Answer Stats
Picture Answer % Correct
Franklin Clinton
100%
Trevor Philips
100%
Michael De Santa
97%
Lamar Davis
63%
Martin Madrazo
63%
Lester Crest
57%
Dave Norton
47%
Devin Weston
47%
Steve Haines
37%
Wei Cheng
37%
Harold Joseph
33%
Solomon Richards
33%
Tao Cheng
33%
Simeon Yetarian
27%
No matching quizzes found
Score Distribution
Percent of People with Each Score
Percentile by Number Answered
Your Score History
You have not taken this quiz